Southville International School and Colleges
Your cart is empty.
  • Cart
  • Lists
    Public lists Eva Luna New books Lux_list list_1
    Your lists Log in to create your own lists
  • Log in to your account
  • Your cookies
  • Search history
Southville International School and Colleges
  • Advanced search
  • Recent comments
  • Most popular
  • Libraries

Log in to your account

Log in with GOOGLE


If you do not have an external account, but do have a local account, you can still log in:

  1. Home
  2. MARC view: A guidebook to the museums of Southern Luzon /
Normal view MARC view ISBD view

A guidebook to the museums of Southern Luzon / (Record no. 10268)

[ view plain ]
MARC details
000 -LEADER
fixed length control field 00819nam a22002537a 4500
001 - CONTROL NUMBER
control field 3101562
003 - CONTROL NUMBER IDENTIFIER
control field OSt
005 - DATE AND TIME OF LATEST TRANSACTION
control field 20140310182203.0
008 - FIXED-LENGTH DATA ELEMENTS--GENERAL INFORMATION
fixed length control field 981029s1996 ph ab b f000 0 eng
010 ## - LIBRARY OF CONGRESS CONTROL NUMBER
LC control number 98947517
040 ## - CATALOGING SOURCE
Original cataloging agency DLC
Transcribing agency DLC
042 ## - AUTHENTICATION CODE
Authentication code lcode
050 00 - LIBRARY OF CONGRESS CALL NUMBER
Classification number AM 79
Item number .G946 2000
082 ## - DEWEY DECIMAL CLASSIFICATION NUMBER
Classification number HS 708
Item number G94 2000
245 02 - TITLE STATEMENT
Title A guidebook to the museums of Southern Luzon /
260 ## - PUBLICATION, DISTRIBUTION, ETC. (IMPRINT)
Place of publication, distribution, etc Manila :
Name of publisher, distributor, etc National Commission for Culture and the Arts, Committee on Museums,
Date of publication, distribution, etc c2000.
300 ## - PHYSICAL DESCRIPTION
Extent 90 p. :
Other physical details col. ill. ;
Dimensions 28 cm.
650 ## - SUBJECT ADDED ENTRY--TOPICAL TERM
Topical term or geographic name as entry element Southern Luzon
General subdivision Museums
-- guidebook.
9 (RLIN) 16334
710 2# - ADDED ENTRY--CORPORATE NAME
Corporate name or jurisdiction name as entry element National Commission on Culture and the Arts (Philippines).
Subordinate unit Committee on Museums.
9 (RLIN) 16335
906 ## - LOCAL DATA ELEMENT F, LDF (RLIN)
a 7
b cbc
c origode
d 4
e ncip
f 19
g y-gencatlg
942 ## - ADDED ENTRY ELEMENTS (KOHA)
Source of classification or shelving scheme Library of Congress Classification
Koha item type
Holdings
Withdrawn status Lost status Source of classification or shelving scheme Damaged status Home library Current library Shelving location Date acquired Total Checkouts Full call number Barcode Date last seen Copy number Price effective from Koha item type
    Library of Congress Classification   Luxembourg Library Luxembourg Library High School Section 09/03/2013   AM 79 .G946 2000 8894 09/03/2013 1 09/03/2013 Books

A guidebook to the museums of Southern Luzon /

APA

National Commission on Culture and the Arts (Philippines), . (2000). A guidebook to the museums of Southern Luzon. Manila: National Commission for Culture and the Arts, Committee on Museums.

Chicago

National Commission on Culture and the Arts (Philippines), . 2000. A guidebook to the museums of Southern Luzon. Manila: National Commission for Culture and the Arts, Committee on Museums.

Harvard

National Commission on Culture and the Arts (Philippines), . (2000). A guidebook to the museums of Southern Luzon. Manila: National Commission for Culture and the Arts, Committee on Museums.

MLA

National Commission on Culture and the Arts (Philippines), . A guidebook to the museums of Southern Luzon. Manila: National Commission for Culture and the Arts, Committee on Museums. 2000.

  • Place hold
  • Print
  • Cite
  • Add to your cart (remove)
  • Save record
    BIBTEX Dublin Core MARCXML MARC (non-Unicode/MARC-8) MARC (Unicode/UTF-8) MARC (Unicode/UTF-8, Standard) MODS (XML) RIS
  • More searches
    Search for this title in:
    Other Libraries (WorldCat) Other Databases (Google Scholar) Online Stores (Bookfinder.com) Open Library (openlibrary.org)

Exporting to Dublin Core...

SOUTHVILLE LIBRARY

Southville International School and Colleges Library

1281 Tropical Ave. Cor. Luxembourg St., BF Homes International, Las Pinas City

Tel. No. 8256374 / 252358 Loc. 117/146

Powered by Koha